| 000 | 00697nam a22002177a 4500 | ||
|---|---|---|---|
| 003 | OSt | ||
| 005 | 20140506082131.0 | ||
| 008 | 130722t xxu||||| |||| 00| 0 eng d | ||
| 020 | _a9780199139408 | ||
| 050 |
_aQA 11 _b.G795 2010 |
||
| 082 |
_aTR 510 _bG795hp 2010 |
||
| 100 |
_aGreen, Christopher _92661 |
||
| 245 |
_aOxford GCSE maths for Edexcel : _bhigher - teacher's guide / _cChristopher Green, Ian Bettison. |
||
| 260 |
_aOxford : _bOxford University Press, _cc2010. |
||
| 300 |
_a257 p. ; _bill. ; _c30 cm. |
||
| 562 | _e1 | ||
| 650 |
_aMathematics _xStudy and teaching (Secondary) _xGreat Britain _92662 |
||
| 700 |
_aGreen, Christopher _92663 |
||
| 942 |
_2lcc _cBK |
||
| 999 |
_c115784 _d115784 |
||